000 00426nam a2200169Ia 4500
001 10151
003 IN-NITTTR
005 20251114233054.0
008 251113s9999||||xx |||||||||||||| ||eng||
040 _beng
040 _cIN-NITTTR
041 _aeng
082 _a720.924 T931F
100 _aTwombly, Robert C.
245 0 _aFrank lloyd wright :
_b his life and his architecture. /
_cTwombly, Robert C.
942 _2ddc
_cBK
999 _c12788
_d12788